000 00595nam a2200241Ia 4500
003 OSt
005 20221005132332.0
006 a|||||r|||| 00| 0
007 ta
008 221004b |||||||| |||| 00| 0 tam d
024 _a46925
037 _cTextual
040 _aCRL
_cCRL
_btam
041 _2tam
_atam
082 _aLB,185, 31J0
100 _aMudhaliar Munisamy
_9640947
245 0 _aThirunetrd chinthamani
260 _c1960
300 _a90
_ccm.
650 _aMEDICINE
942 _hLB,185, 31J0
_cTEXL
_2cc
999 _c1063293
_d1063293